|
|
|
|
| LEADER |
01003naa a2200217 i 4500 |
| 001 |
acta54293 |
| 005 |
20230602121339.0 |
| 008 |
180711s2002 hu o 1|| hun d |
| 020 |
|
|
|a 978-963-306-001-8
|
| 040 |
|
|
|a SZTE Egyetemi Kiadványok Repozitórium
|b hun
|
| 041 |
|
|
|a hun
|
| 100 |
1 |
|
|a Medve Anna
|
| 245 |
1 |
0 |
|a Egy teljességre törekvő generatív modell az oktatásban
|h [elektronikus dokumentum] /
|c Medve Anna
|
| 260 |
|
|
|a Szegedi Tudományegyetem Általános Nyelvészeti Tanszék, Magyar Nyelvészeti Tanszék
|b Szeged
|c 2002
|
| 300 |
|
|
|a 169-191
|
| 490 |
0 |
|
|a A mai magyar nyelv leírásának újabb módszerei
|v 5
|
| 650 |
|
4 |
|a Bölcsészettudományok
|
| 650 |
|
4 |
|a Nyelvek és irodalom
|
| 695 |
|
|
|a Nyelvészet - magyar, Nyelvtudomány, Magyar nyelvtan, Magyar nyelv - mondattan, Magyar nyelv - mondatszerkezet
|
| 711 |
|
|
|a A mai magyar nyelv leírásásnak újabb módszerei (5.)
|c Szeged
|d 2001
|
| 856 |
4 |
0 |
|u http://acta.bibl.u-szeged.hu/54293/1/mai_magyar_nyelv_005_169-191.pdf
|z Dokumentum-elérés
|